Chapter 4 Male Supremacism and Ideological Masculinity (Record no. 17432)
[ view plain ]
| 000 -LEADER | |
|---|---|
| fixed length control field | 00801nam a2200121Ia 4500 |
| 008 - FIXED-LENGTH DATA ELEMENTS--GENERAL INFORMATION | |
| fixed length control field | 220615s9999||||xx |||||||||||||| ||und|| |
| 100 ## - MAIN ENTRY--PERSONAL NAME | |
| Personal name | Roose, Joshua M. |
| 245 #0 - TITLE STATEMENT | |
| Title | Chapter 4 Male Supremacism and Ideological Masculinity |
| 546 ## - LANGUAGE NOTE | |
| Language note | English[eng] |
| 650 ## - SUBJECT ADDED ENTRY--TOPICAL TERM | |
| Topical term or geographic name entry element | Brexit; Donald Trump; EU; ISIS; Islamic State; President Trump; UK; US; United Kingdom; United States; West; citizenship; demagogues; identity politics; jihad; leadership; liberal democracy; masculinity; moral vacuum; new demagogues;politics; populism; presidency;recruitment;religion;rights;social force;sociology;solidarity;terrorism |
| 856 ## - ELECTRONIC LOCATION AND ACCESS | |
| Uniform Resource Identifier | <a href="https://library.oapen.org/bitstream/20.500.12657/46308/1/9780429431197_oachapter4.pdf||https://library.oapen.org/bitstream/20.500.12657/46308/1/9780429431197_oachapter4.pdf">https://library.oapen.org/bitstream/20.500.12657/46308/1/9780429431197_oachapter4.pdf||https://library.oapen.org/bitstream/20.500.12657/46308/1/9780429431197_oachapter4.pdf</a> |
| 942 ## - ADDED ENTRY ELEMENTS (KOHA) | |
| Koha item type | E-Books |
| Withdrawn status | Lost status | Damaged status | Not for loan | Home library | Current library | Date acquired | Total Checkouts | Date last seen | Price effective from | Koha item type |
|---|---|---|---|---|---|---|---|---|---|---|
| Kerala University of Digital Sciences, Innovation and Technology Knowledge Centre | Kerala University of Digital Sciences, Innovation and Technology Knowledge Centre | 15/06/2022 | 15/06/2022 | 15/06/2022 | E-Books |